Los países africanos con menor densidad de población - Estadísticas

Estadísticas generales
  • Esta prueba ha sido intentada 146 veces
    35 desde el último reinicio
  • La puntuación promedio es 7 de 10
Estadísticas de respuestas
Densidad País % Correcto
14,2 Chad
84%
3,91 Libia
84%
3,15 Namibia
84%
17,9 República del Congo
84%
18,8 Malí
78%
4,72 Mauritania
75%
4,60 Botsuana
66%
17,9 Sudán del Sur
66%
9,22 República Centroafricana
50%
9,11 Gabón
47%
No se encontraron pruebas coincidentes
Distribución de puntuación
Porcentaje de gente con cada puntuación
Porcentaje por número respondido
Historial de tus puntuaciones
No has intentado esta prueba desde el último reinicio